Lepšie vybavenie mestám i obciam Celookresné záväzky na podporu plnenia volebných programov

Bibliographic Details
Main Author: Meško, Jaroslav, 1927-1983 (Author)
Format: Article
Language:Slovak
Subjects:

MARC

LEADER 00000nab a2200000 a 4500
001 vtls000109345
003 SK-MaSNL
005 20260303193412.0
008 111104c1982 xo 0 slo
015 |a SNBRB19rr/mm-uuuuu 
035 |a CL0119448 
040 |a SNKBUCL  |b slo  |c SNKBUCL  |e AACR2 
041 0 |a slo 
044 |a xo  |c SK 
080 |a 352/353  |2 1981 
100 1 |a Meško, Jaroslav,  |d 1927-1983  |4 aut  |9 234120 
245 1 0 |a Lepšie vybavenie mestám i obciam  |b Celookresné záväzky na podporu plnenia volebných programov  |c Jaroslav Meško ; Jroslav Meško 
650 0 7 |a národné výbory  |2 snkbucl  |9 59059 
651 7 |a 5406  |2 snkbucl  |9 276477 
651 7 |a 5302  |2 snkbucl  |9 286367 
651 7 |a 5203  |2 snkbucl  |9 380309 
655 7 |a články z novín a časopisov  |2 snkbucl  |9 267496 
700 1 |a Meško, Jaroslav,  |d 1927-1983  |4 aut  |9 234120 
773 0 |t Pravda  |g Roč. 63, č. 69 (23. 3. 1982), s. 2 
850 |a Slovenská národná knižnica v Martine  |a MTA001 
852 |a SNK  |b KIS3GCP 
958 |a RK 
992 |a RBX 
999 |c 2152221  |d 2154151